Statistics for EVERY DRAKE SONG THAT WENT #1

Click here to take the quiz!

General Stats

  • This quiz has been taken 154 times
  • The average score is 7 of 12

Answer Stats

HintAnswer% Correct
February 3, 2018DrakeGod’s Plan
86%
May 21, 2016Drake ft. Wizkid & KylaOne Dance
77%
September 30, 2023Drake ft. SZASlime You Out
77%
March 5, 2016Rihanna ft. DrakeWork
64%
July 2, 2022Drake ft. 21 SavageJimmy Cooks
53%
April 18, 2020DrakeToosie Slide
53%
July 21, 2018DrakeIn My Feelings
51%
May 14, 2022Future ft. Drake & TemsWait For U
46%
April 21, 2018DrakeNice For What
43%
September 18, 2021Drake ft. Future & Young ThugWay 2 Sexy
40%
March 20, 2021DrakeWhat’s Next
35%
November 20 2010Rihanna ft. DrakeWhat’s My Name?
29%

Score Distribution

Percentile by Number Answered

Percent of People with Each Score

Your Score History

You have not taken this quiz